ROLE MODEL - Kansas Anymore (The Longest Goodbye) - Statistics

General Stats
  • This quiz has been taken 253 times
    221 since last reset
  • The average score is 14 of 17
Answer Stats
Kansas Anymore % Correct
15 Sally, When The Wine Runs Out
93%
17 The Longest Goodbye
91%
1 Writing's On The Wall
87%
16 Some Protector
84%
5 Frances
83%
4 Oh, Gemini
82%
8 Deeply Still In Love
81%
14 Old Recliners
81%
11 Slipfast
81%
2 Look At That Woman
77%
13 Something, Somehow, Someday
77%
7 The Dinner
77%
6 Superglue
76%
3 Scumbag
74%
12 Compromise
73%
9 Slut Era Interlude
70%
10 So Far Gone (feat. Lizzy McAlpine)
70%
No matching quizzes found
Score Distribution
Percent of People with Each Score
Percentile by Number Answered
Your Score History
You have not taken this quiz since the last reset